000
00252 a2200097 4500
005
20251113092948.0
020
_a
9789914444148
245
_a
New Progresssive primary English ; Learners Book Grade 1
260
_b
Oxford University Press
_c
2024
942
_c
BK
999
_c
59930
_d
59930